[Event "NATO Aalborg"]
[Site "Aalborg"]
[Date "1986.??.??"]
[Round "4"]
[White "Brauning, R."]
[Black "Brameld, Arthur F"]
[Result "1-0"]
[WhiteElo "2220"]
[BlackElo "2140"]
[PlyCount "103"]
[EventDate "1986.??.??"]
[EventType "swiss"]
[EventRounds "7"]
[EventCountry "DEN"]

1. e4 Nf6 2. e5 Nd5 3. c4 Nb6 4. c5 Nd5 5. Bc4 e6 6. Nc3 Nxc3 7. dxc3 b6 8. Qg4 bxc5 9. Nf3 d5 10. exd6 cxd6 11. Bg5 Qc7 12. O-O-O Bd7 13. Rhe1 Nc6 14. Bh4 h6 15. Qh5 Nd8 16. Bxd8 Rxd8 17. Bxe6 Bxe6 18. Rxe6+ Be7 19. Rde1 Rd7 20. Ng5 O-O 21. Rxh6 Bxg5+ 22. Qxg5 Qd8 23. Qxd8 Rfxd8 24. Rh4 d5 25. Ra4 d4 26. cxd4 cxd4 27. Kd2 Rb8 28. b3 Rc8 29. Rc4 Rxc4 30. bxc4 f5 31. Re5 g6 32. Rd5 Rb7 33. Kc2 Kf7 34. Rxd4 Ke6 35. c5 Ke5 36. c6 Rh7 37. Rc4 Rc7 38. Kd3 Kd5 39. Rc2 g5 40. Ke3 a5 41. h4 gxh4 42. Kf4 Ke6 43. Kg5 a4 44. Kxh4 Ke5 45. Kg5 a3 46. f4+ Ke4 47. g3 Kd3 48. Rc1 Ke4 49. Kf6 Kf3 50. Rc3+ Kg4 51. Ke6 Kh5 52. Kd6 1-0

[Event "NATO Aalborg"]
[Site "Aalborg"]
[Date "1986.??.??"]
[Round "5"]
[White "Brameld, Arthur F"]
[Black "Cordes, Hans Joerg"]
[Result "0-1"]
[Annotator "Arthur F Brameld"]
[WhiteElo "2140"]
[BlackElo "2305"]
[PlyCount "80"]
[EventDate "1986.??.??"]
[EventType "swiss"]
[EventRounds "7"]
[EventCountry "DEN"]

1. e4 e6 2. d4 d5 3. e5 c5 4. c3 Nc6 5. Nf3 Qb6 6. a3 c4 7. Nbd2 Bd7 8. g3 f6 9. exf6 Nxf6 10. Bh3 Bd6 11. Qe2 O-O 12. Ne5 Rae8 13. O-O Re7 14. Kg2 (14. Nxd7 $142 {although I'm not sure where this analysis came from !!?? (AFB)} Nxd7 15. Bxe6+ Kh8 16. Qg4 Nf6 17. Qh3 Rfe8 18. Bf5 Kg8 19. Qh4 Na5 20. Nf3 Bc7 21. Qg5 Kh8 22. Rb1 g6 23. Bc2 Re2 24. Ba4 R8e7 25. Qh6 Kg8 26. Bd1 R2e6 27. Bc2 Re2 28. Bd2 Nb3 29. Bxb3 Qxb3 30. Qg5 Kf7 31. Qh4 Qb6 32. Qh3 Kf8 33. Rfe1 Rxe1+ 34. Bxe1 h5 35. Ng5 Re2 36. Kf1 Re7 37. Bd2 Ng4 38. Qg2 Qf6 39. Kg1 Qf5 40. Qf3 Qxf3 41. Nxf3 Kg7 42. Re1 Rxe1+ 43. Bxe1 Bd6 44. a4 Nf6 45. Bd2 Ne4 46. Be3 a5 47. Ng5 Kf6 48. Nxe4+ dxe4 49. Kg2 Ke6 50. Bg5 Bc7 51. h3 b6 52. Kf1 Kd5 53. Ke2 Kc6 54. Ke3 Kd5 55. h4 Bb8 56. Bd8 Ba7 57. Bc7 Kc6 58. Be5 Kd5 59. Kf4 Kc6 60. Kg5 b5 61. axb5+ Kxb5 62. Kxg6 Kc6 63. Kxh5 $18) 14... Be8 15. Ndf3 Bh5 16. g4 Be8 17. Nh4 Bxe5 18. dxe5 Nd7 19. Be3 Qc7 20. f4 g5 21. fxg5 Qxe5 22. Rxf8+ Nxf8 23. Re1 Ng6 24. Nf3 Qe4 25. Kg3 Nce5 26. Bc1 Nxf3 27. Qxe4 dxe4 28. Rxe4 Nfe5 29. Bf4 Nxf4 30. Rxf4 b5 31. Bf1 Bc6 32. h4 Rd7 33. Rf6 Rd6 34. h5 Nd7 35. Rf2 e5 36. a4 a6 37. axb5 axb5 38. Be2 Nc5 39. Rf5 Ne4+ 40. Kh3 Rd2 0-1

[Event "NATO Aalborg"]
[Site "Aalborg"]
[Date "1986.??.??"]
[Round "6"]
[White "Brameld, Arthur F"]
[Black "Marovitch, M."]
[Result "0-1"]
[WhiteElo "2140"]
[BlackElo "2190"]
[PlyCount "96"]
[EventDate "1986.??.??"]
[EventType "swiss"]
[EventRounds "7"]
[EventCountry "DEN"]

1. e4 e5 2. Nf3 Nf6 3. Nc3 Nc6 4. Bc4 Bb4 5. Nd5 Nxd5 6. exd5 Nd4 7. c3 Nxf3+ 8. Qxf3 Qh4 9. d3 Ba5 10. d6 O-O 11. dxc7 Bxc7 12. Be3 d6 13. h3 Kh8 14. g3 Qe7 15. O-O-O Bb6 16. Bxb6 axb6 17. Bb3 Be6 18. Kc2 b5 19. a3 Bxb3+ 20. Kxb3 Qe6+ 21. Kc2 Rfc8 22. Rhe1 Rxa3 23. Ra1 Qb3+ 24. Kb1 Rxa1+ 25. Kxa1 Rc6 26. Qd1 Ra6+ 27. Kb1 Qa2+ 28. Kc2 b4 29. Qb1 Qe6 30. c4 Qxh3 31. Kb3 Qd7 32. Kxb4 d5 33. Qc2 Qc7 34. Kc3 Qa5+ 35. b4 d4+ 36. Kd2 Qxb4+ 37. Ke2 Rb6 38. Ra1 g6 39. Ra8+ Kg7 40. Re8 Qb2 41. Qxb2 Rxb2+ 42. Kf3 Kf6 43. Ke4 Rxf2 44. Kd5 Rf3 45. Rb8 Rxd3 46. Rxb7 Rc3 47. Rb2 d3 48. Rd2 Kf5 0-1

[Event "Ports Lge"]
[Site "?"]
[Date "1986.??.??"]
[Round "?"]
[White "Brameld, Arthur F"]
[Black "Smith, S."]
[Result "1-0"]
[WhiteElo "2140"]
[BlackElo "1860"]
[PlyCount "29"]
[EventDate "1986.??.??"]
[EventType "swiss"]

1. e4 c5 2. Nf3 d6 3. d4 cxd4 4. Qxd4 Nc6 5. Bb5 Bd7 6. Bxc6 Bxc6 7. Nc3 Nf6 8. Bg5 e6 9. O-O-O Be7 10. Rhe1 Qa5 11. Nd5 Bxd5 12. exd5 e5 13. Nxe5 dxe5 14. Rxe5 Nxd5 15. Bxe7 1-0

[Event "ColeCup"]
[Site "?"]
[Date "1986.??.??"]
[Round "?"]
[White "Smith, S."]
[Black "Brameld, Arthur F"]
[Result "0-1"]
[WhiteElo "1860"]
[BlackElo "2140"]
[PlyCount "90"]
[EventDate "1986.??.??"]
[EventType "swiss"]

1. d4 Nf6 2. c4 e6 3. Nc3 Bb4 4. a3 Bxc3+ 5. bxc3 Ne4 6. Qc2 f5 7. Nf3 b6 8. g3 Ba6 9. Bg2 c6 10. Ne5 d6 11. Nxc6 Nxc6 12. Bxe4 fxe4 13. Qxe4 Rc8 14. Qxe6+ Qe7 15. Qxe7+ Nxe7 16. O-O Rxc4 17. Bd2 Nd5 18. Rfc1 Nf6 19. f3 d5 20. Bg5 O-O 21. Rc2 Ra4 22. Bxf6 Rxf6 23. Kf2 Re6 24. Ke1 Rc4 25. Kd2 Rc8 26. e3 Rce8 27. Re1 g5 28. Rb2 Rf6 29. f4 gxf4 30. exf4 Rxe1 31. Kxe1 Re6+ 32. Kf2 Rc6 33. Rc2 Bd3 34. Rc1 Re6 35. Re1 Rxe1 36. Kxe1 h5 37. Kf2 Kf7 38. h3 Bf5 39. Kg2 Kg6 40. Kh2 Be6 41. Kg2 Bd7 42. h4 Kf5 43. Kf3 Bb5 44. g4+ hxg4+ 45. Kg3 Be8 0-1

[Event "Ports Lge"]
[Site "?"]
[Date "1986.??.??"]
[Round "?"]
[White "Gregory, Keith DF"]
[Black "Brameld, Arthur F"]
[Result "1/2-1/2"]
[WhiteElo "2135"]
[BlackElo "2140"]
[PlyCount "72"]
[EventDate "1986.??.??"]
[EventType "swiss"]

1. g3 e5 2. Bg2 Nc6 3. c4 g6 4. Nc3 Bg7 5. Rb1 d6 6. b4 Bf5 7. d3 Qd7 8. Nd5 Nge7 9. b5 Nd8 10. h4 Nxd5 11. cxd5 Qe7 12. Qc2 b6 13. Rb4 a5 14. Rc4 Ra7 15. h5 gxh5 16. Nf3 Bg6 17. Bg5 f6 18. Bd2 O-O 19. Nh4 f5 20. Bh3 Rf7 21. e4 f4 22. Nf5 Bxf5 23. Bxf5 Qg5 24. Qd1 Rxf5 25. exf5 Qxf5 26. Qxh5 Qxd3 27. Qe8+ Bf8 28. gxf4 c5 29. Rg1+ Rg7 30. Rxg7+ Kxg7 31. fxe5 Qxc4 32. Qd7+ Nf7 33. e6 Qe4+ 34. Kf1 Qh1+ 35. Ke2 Qe4+ 36. Kf1 Qh1+ 1/2-1/2

[Event "ColeCup"]
[Site "?"]
[Date "1986.??.??"]
[Round "?"]
[White "Brameld, Arthur F"]
[Black "Arney, JE."]
[Result "1-0"]
[WhiteElo "2140"]
[BlackElo "1975"]
[PlyCount "65"]
[EventDate "1986.??.??"]
[EventType "swiss"]

1. e4 d6 2. d4 g6 3. Nc3 Bg7 4. f4 Nf6 5. Bd3 O-O 6. Nf3 c5 7. dxc5 dxc5 8. e5 Nfd7 9. O-O Nc6 10. a3 a6 11. Qe1 Nb6 12. Be3 Nd4 13. Qf2 Nxf3+ 14. Qxf3 c4 15. Be4 Qc7 16. Qf2 Nd7 17. Nd5 Qd8 18. Rad1 e6 19. Nb6 Rb8 20. Qd2 Re8 21. Nxd7 Bxd7 22. Qxd7 Qa5 23. Qd2 Qc7 24. Qd6 Qa5 25. Qb4 Qxb4 26. axb4 Bf8 27. c3 b6 28. Rd7 a5 29. b5 Rec8 30. Rfd1 h5 31. Kf1 a4 32. Bb7 Re8 33. Bxb6 1-0

[Event "Ports Lge"]
[Site "?"]
[Date "1986.??.??"]
[Round "?"]
[White "Brameld, Arthur F"]
[Black "Kent, S."]
[Result "0-1"]
[WhiteElo "2140"]
[BlackElo "1750"]
[PlyCount "90"]
[EventDate "1986.??.??"]
[EventType "swiss"]

1. e4 c5 2. Nf3 d6 3. d4 cxd4 4. Qxd4 a6 5. c4 Nc6 6. Qd2 g6 7. b3 Nf6 8. Nc3 Bg7 9. Bb2 Qa5 10. Nd5 Nxd5 11. Qxa5 Bxb2 12. Qxd5 Bxa1 13. Qd2 Bg4 14. Be2 Bxf3 15. Bxf3 Nd4 16. O-O Nxf3+ 17. gxf3 Bg7 18. Rd1 O-O 19. a4 Rab8 20. Qd5 Rfc8 21. b4 Be5 22. Rc1 b5 23. axb5 axb5 24. c5 e6 25. Qd3 dxc5 26. bxc5 b4 27. Qc4 b3 28. Rb1 b2 29. Kg2 Rc6 30. Qc2 Rb5 31. f4 Rcxc5 32. Qd2 Bc3 33. Qd8+ Kg7 34. e5 Rd5 35. Qf6+ Kg8 36. Qe7 Rb4 37. f5 Rg4+ 38. Kh1 gxf5 39. h3 Rg6 40. f4 Rd3 41. Kh2 Rd2+ 42. Kh1 Rgg2 43. Qc7 Rg3 44. h4 Rh3+ 45. Kg1 Bd4+ 0-1

[Event "ColeCup"]
[Site "?"]
[Date "1986.??.??"]
[Round "?"]
[White "Evans, D."]
[Black "Brameld, Arthur F"]
[Result "0-1"]
[WhiteElo "1935"]
[BlackElo "2140"]
[PlyCount "72"]
[EventDate "1986.??.??"]
[EventType "swiss"]

1. e4 Nf6 2. e5 Nd5 3. d4 d6 4. c4 Nb6 5. f4 g5 6. Nf3 g4 7. Nfd2 dxe5 8. dxe5 Qd4 9. Nb3 Qxd1+ 10. Kxd1 Bf5 11. Nd4 Bd7 12. Be3 Nc6 13. Nxc6 Bxc6 14. Nd2 O-O-O 15. Ke1 e6 16. b3 Bb4 17. Rd1 Rd7 18. h3 g3 19. h4 Rhd8 20. Rh3 Be4 21. a3 Bc3 22. Rxg3 Bc2 23. Bxb6 Bxd2+ 24. Rxd2 Rxd2 25. Ba5 Rd1+ 26. Kf2 Bd3 27. Bxd3 R1xd3 28. Re3 b6 29. Bb4 c5 30. Be1 Rxe3 31. Kxe3 Rd1 32. Bd2 a5 33. b4 cxb4 34. axb4 a4 35. Kd3 a3 36. Kc2 Rxd2+ 0-1

[Event "Ports Lge"]
[Site "?"]
[Date "1987.??.??"]
[Round "?"]
[White "Smith, M."]
[Black "Brameld, Arthur F"]
[Result "1/2-1/2"]
[WhiteElo "1960"]
[BlackElo "2140"]
[PlyCount "47"]
[EventDate "1987.??.??"]
[EventType "simul"]
[EventRounds "6"]

1. d4 d5 2. c4 e6 3. Nc3 c5 4. cxd5 cxd4 5. Qxd4 Nc6 6. Qd1 exd5 7. Qxd5 Bd7 8. Nf3 Nf6 9. Qd1 Bc5 10. e3 Qe7 11. Be2 O-O-O 12. O-O g5 13. Re1 g4 14. Nd4 h5 15. Bb5 Ne5 16. Bxd7+ Rxd7 17. Na4 Bb4 18. Bd2 Bxd2 19. Qxd2 Kb8 20. Qe2 h4 21. Rac1 Rd5 22. Nc3 Rc5 23. Na4 Rd5 24. Nc3 1/2-1/2

[Event "Ports Lge"]
[Site "?"]
[Date "1987.??.??"]
[Round "?"]
[White "Oswald, Graeme"]
[Black "Brameld, Arthur F"]
[Result "1/2-1/2"]
[WhiteElo "2220"]
[BlackElo "2140"]
[PlyCount "64"]
[EventDate "1987.??.??"]
[EventType "simul"]
[EventRounds "6"]

1. g3 d5 2. Bg2 c6 3. d3 g6 4. Nd2 Bg7 5. Ngf3 Nf6 6. O-O O-O 7. e4 dxe4 8. dxe4 Nbd7 9. Qe2 e5 10. Nc4 Qc7 11. b3 b5 12. Ncd2 a5 13. Bb2 Ba6 14. Rfd1 Rfe8 15. c4 b4 16. Ne1 Nc5 17. Qe3 Ne6 18. Ndf3 Ng4 19. Qe2 f5 20. h3 Nh6 21. Nd3 Nd4 22. Bxd4 exd4 23. e5 c5 24. Re1 Bb7 25. Ng5 Bxg2 26. Kxg2 Qc6+ 27. Kh2 Nf7 28. Nxf7 Kxf7 29. f4 Ra6 30. Qg2 Qxg2+ 31. Kxg2 Bf8 32. g4 Ke6 1/2-1/2

[Event "Ports Lge"]
[Site "?"]
[Date "1987.??.??"]
[Round "?"]
[White "Brameld, Arthur F"]
[Black "Pavlovic, Tim"]
[Result "0-1"]
[WhiteElo "2140"]
[BlackElo "2085"]
[PlyCount "28"]
[EventDate "1987.??.??"]
[EventType "simul"]
[EventRounds "6"]

1. e4 Nf6 2. e5 Nd5 3. d4 d6 4. Nf3 Bg4 5. h3 Bxf3 6. Qxf3 dxe5 7. dxe5 e6 8. a3 Nc6 9. Bb5 Nde7 10. O-O Qd5 11. Qxd5 exd5 12. Bg5 O-O-O 13. Bxc6 bxc6 14. Nc3 h6 {The remainder of this game score was lost, Black eventually won after 30+ moves} 0-1

[Event "ColeCup"]
[Site "?"]
[Date "1987.??.??"]
[Round "?"]
[White "Brameld, Arthur F"]
[Black "Gregory, Keith DF"]
[Result "1-0"]
[WhiteElo "2140"]
[BlackElo "2135"]
[PlyCount "59"]
[EventDate "1987.??.??"]
[EventType "simul"]
[EventRounds "2"]

1. e4 g6 2. d4 Bg7 3. Nc3 c6 4. Bc4 b5 5. Bb3 b4 6. Nce2 Nf6 7. e5 Nd5 8. c4 Nb6 9. a3 bxa3 10. Rxa3 O-O 11. Nc3 d6 12. exd6 exd6 13. Ba2 Na6 14. Be3 Nb4 15. b3 c5 16. Nge2 Bg4 17. O-O Re8 18. Qd2 Nd7 19. Bb1 Bxe2 20. Nxe2 Nc6 21. Rd1 Qe7 22. dxc5 dxc5 23. Ng3 Nde5 24. Be4 Rad8 25. Bd5 Nd4 26. Bxd4 cxd4 27. Qa5 Rd7 28. Ne4 Red8 29. Kf1 Rc7 30. Ra2 {Black lost on time.} 1-0

[Event "Ports Lge"]
[Site "?"]
[Date "1987.??.??"]
[Round "?"]
[White "Brameld, Arthur F"]
[Black "Noyce, Robert C"]
[Result "1/2-1/2"]
[WhiteElo "2140"]
[BlackElo "2045"]
[PlyCount "46"]
[EventDate "1987.??.??"]
[EventType "simul"]
[EventRounds "6"]

1. e4 g6 2. d4 Bg7 3. Nc3 d6 4. f4 a6 5. Nf3 b5 6. a3 Bb7 7. Be3 Nd7 8. d5 c5 9. dxc6 Bxc6 10. Nd4 Bb7 11. Be2 Ngf6 12. Bf3 O-O 13. O-O Re8 14. Nb3 Qc7 15. Qe1 Rad8 16. Rd1 e6 17. Qf2 Rf8 18. g4 Rc8 19. g5 Ne8 20. h4 Bxc3 21. bxc3 Qxc3 22. Rd2 Qc4 23. Bd4 e5 1/2-1/2

[Event "Ports Lge"]
[Site "?"]
[Date "1987.??.??"]
[Round "?"]
[White "Daley, A."]
[Black "Brameld, Arthur F"]
[Result "1/2-1/2"]
[WhiteElo "2045"]
[BlackElo "2140"]
[PlyCount "39"]
[EventDate "1987.??.??"]
[EventType "simul"]
[EventRounds "6"]

1. f4 d5 2. Nf3 c5 3. e3 g6 4. d4 cxd4 5. exd4 Nf6 6. Bd3 Nc6 7. c3 Bf5 8. O-O e6 9. Ne5 Qc7 10. Qe2 Bxd3 11. Qxd3 Ne4 12. Nd2 Nxd2 13. Bxd2 Bd6 14. Rae1 O-O-O 15. Re2 Rde8 16. Qh3 Kb8 17. Be1 Nd8 18. Bh4 Be7 19. Rfe1 h5 20. Kh1 1/2-1/2

[Event "ColeCup"]
[Site "?"]
[Date "1987.??.??"]
[Round "?"]
[White "Nicholson, John"]
[Black "Brameld, Arthur F"]
[Result "1/2-1/2"]
[WhiteElo "2320"]
[BlackElo "2140"]
[PlyCount "78"]
[EventDate "1987.??.??"]
[EventType "simul"]
[EventRounds "2"]

1. e4 Nf6 2. e5 Nd5 3. d4 d6 4. Nf3 Bg4 5. Be2 e6 6. h3 Bh5 7. O-O Be7 8. c4 Nb6 9. Nc3 O-O 10. Be3 d5 11. b3 dxc4 12. bxc4 Nc6 13. Rb1 Bxf3 14. Bxf3 Nxc4 15. Rxb7 N6a5 16. Rb1 Rb8 17. Qa4 c5 18. Rxb8 Qxb8 19. Ne4 Rd8 20. dxc5 Qxe5 21. Rc1 Rb8 22. Qd7 Nxe3 23. Qxe7 Nf5 24. Qd7 Nd4 25. Qd6 Nc4 26. Qa6 Nxf3+ 27. gxf3 Nd2 28. Qd6 Nxf3+ 29. Kf1 Rc8 30. Qxe5 Nxe5 31. Nd6 Rc6 32. Rb1 g6 33. Rb8+ Kg7 34. Rb7 g5 35. Rxa7 Rxc5 36. a4 Kg6 37. a5 Rd5 38. Nc8 Kf6 39. a6 Ra5 1/2-1/2

[Event "IntService"]
[Site "?"]
[Date "1987.??.??"]
[Round "?"]
[White "Crockart, George"]
[Black "Brameld, Arthur F"]
[Result "0-1"]
[WhiteElo "1800"]
[BlackElo "2140"]
[PlyCount "64"]
[EventDate "1987.??.??"]
[EventType "simul"]
[EventRounds "3"]

1. d4 Nf6 2. Bg5 e6 3. e4 h6 4. Bxf6 Qxf6 5. Nf3 c5 6. Bd3 cxd4 7. e5 Qd8 8. Nxd4 Qa5+ 9. c3 Qxe5+ 10. Be2 Nc6 11. Nf3 Qc7 12. O-O d5 13. Re1 Be7 14. Bb5 Bd7 15. Bxc6 Bxc6 16. Ne5 Bf6 17. Nxc6 Qxc6 18. Na3 O-O 19. Nc2 Qb6 20. Nb4 d4 21. Qb3 dxc3 22. Nd3 Qxb3 23. axb3 Rfd8 24. Re3 cxb2 25. Rb1 Rac8 26. Kf1 Rc2 27. Re2 Rdc8 28. Rxc2 Rxc2 29. Rd1 a5 30. g3 b5 31. Kg2 a4 32. bxa4 bxa4 0-1

[Event "IntService"]
[Site "?"]
[Date "1987.??.??"]
[Round "?"]
[White "Brameld, Arthur F"]
[Black "McInnes, Neil"]
[Result "0-1"]
[WhiteElo "2140"]
[BlackElo "2000"]
[PlyCount "44"]
[EventDate "1987.??.??"]
[EventType "simul"]
[EventRounds "3"]

1. e4 e5 2. f4 exf4 3. Nf3 d5 4. exd5 Nf6 5. Bb5+ c6 6. dxc6 Nxc6 7. Nc3 Bd6 8. Qe2+ Be6 9. Nd4 O-O 10. Nxe6 fxe6 11. Qxe6+ Kh8 12. Bxc6 bxc6 13. O-O Re8 14. Qc4 Ng4 15. d3 Be5 16. h3 Qb6+ 17. Kh1 Nf2+ 18. Kh2 f3+ 19. g3 Bxc3 20. bxc3 Re2 21. h4 Ng4+ 22. Kh3 h5 0-1

[Event "IntService"]
[Site "?"]
[Date "1987.??.??"]
[Round "?"]
[White "Sage, Geoff"]
[Black "Brameld, Arthur F"]
[Result "1-0"]
[WhiteElo "2040"]
[BlackElo "2140"]
[PlyCount "57"]
[EventDate "1987.??.??"]
[EventType "simul"]
[EventRounds "3"]

1. e4 Nf6 2. e5 Nd5 3. c4 Nb6 4. d4 d6 5. f4 dxe5 6. fxe5 Bf5 7. Nf3 e6 8. Be2 c5 9. Be3 cxd4 10. Nxd4 Bxb1 11. Qxb1 N8d7 12. Nxe6 Bb4+ 13. Kf2 fxe6 14. Bh5+ Ke7 15. Bg5+ Nf6 16. Qe4 Bc5+ 17. Kg3 Qd4 18. exf6+ gxf6 19. Qxb7+ Nd7 20. Rad1 Qe5+ 21. Kh3 Rad8 22. Bxf6+ Kxf6 23. Rhf1+ Kg5 24. Rde1 Qd4 25. Re4 Qd6 26. Rg4+ Kh6 27. Rf6+ Kxh5 28. Qf3 Nxf6 29. Rg3+ 1-0

[Event "Ports Lge"]
[Site "?"]
[Date "1987.??.??"]
[Round "?"]
[White "Brameld, Arthur F"]
[Black "Gregory, Keith DF"]
[Result "0-1"]
[WhiteElo "2140"]
[BlackElo "2135"]
[PlyCount "76"]
[EventDate "1987.??.??"]
[EventType "simul"]
[EventRounds "6"]

1. e4 g6 2. d4 Bg7 3. Nc3 c6 4. Bc4 b5 5. Bb3 b4 6. Na4 Nf6 7. e5 Nd5 8. c4 Nb6 9. Nxb6 axb6 10. Be3 O-O 11. Qd2 d6 12. exd6 exd6 13. Ne2 c5 14. Bh6 Bxh6 15. Qxh6 Qe7 16. Qe3 Re8 17. Qxe7 Rxe7 18. d5 Ba6 19. Kd2 b5 20. cxb5 Bxb5 21. Rhe1 Nd7 22. Ng3 Rxe1 23. Kxe1 Bd3 24. Kd2 c4 25. Bd1 Ra5 26. Bf3 Nc5 27. Be2 Bxe2 28. Nxe2 Nb3+ 29. axb3 Rxa1 30. bxc4 Rf1 31. f4 Rf2 32. g4 Rxh2 33. Kd3 Kf8 34. f5 g5 35. Nd4 Rxb2 36. Nc6 Ke8 37. f6 Rf2 38. Nxb4 Rxf6 0-1

[Event "Hereford"]
[Site "?"]
[Date "1987.??.??"]
[Round "1"]
[White "James, S."]
[Black "Brameld, Arthur F"]
[Result "1-0"]
[WhiteElo "1920"]
[BlackElo "2140"]
[PlyCount "65"]
[EventDate "1987.??.??"]
[EventType "simul"]
[EventRounds "5"]

1. d4 c5 2. d5 e5 3. e4 d6 4. Nc3 g6 5. g3 Bg7 6. Bg2 Nf6 7. Nge2 O-O 8. O-O Nh5 9. Be3 f5 10. Qd2 Nd7 11. f4 exf4 12. gxf4 fxe4 13. Nxe4 Ndf6 14. Ng5 Re8 15. f5 gxf5 16. Nf4 Nxf4 17. Bxf4 Ne4 18. Nxe4 fxe4 19. c3 Bg4 20. Rae1 Qd7 21. Rxe4 Rxe4 22. Bxe4 Bh3 23. Rf3 Re8 24. Bd3 Rf8 25. Rg3 Bf5 26. Bh6 Rf7 27. Bxf5 Qxf5 28. Qe2 Qd7 29. Qe6 Qxe6 30. dxe6 Re7 31. Kf2 Kf8 32. Rxg7 Rxe6 33. Rg6+ 1-0

[Event "Hereford"]
[Site "?"]
[Date "1987.??.??"]
[Round "2"]
[White "Brameld, Arthur F"]
[Black "Cook, PR."]
[Result "1/2-1/2"]
[WhiteElo "2140"]
[BlackElo "1910"]
[PlyCount "97"]
[EventDate "1987.??.??"]
[EventType "simul"]
[EventRounds "5"]

1. e4 e6 2. d4 d5 3. e5 c5 4. c3 Nc6 5. Nf3 Qb6 6. a3 Bd7 7. Be2 c4 8. Nbd2 Na5 9. O-O Be7 10. Ne1 O-O-O 11. b4 cxb3 12. Bb2 Kb8 13. c4 Bc6 14. c5 Qc7 15. a4 f6 16. Nef3 Nh6 17. Bc3 Nf7 18. exf6 gxf6 19. Bb5 Rc8 20. Re1 Nd8 21. Nxb3 Nxb3 22. Qxb3 Ka8 23. g3 Rg8 24. Qc2 Rg7 25. Qd2 Qd7 26. Ba5 Nf7 27. Qe2 e5 28. dxe5 fxe5 29. Nxe5 Nxe5 30. Qxe5 Bxc5 31. Rec1 Bf8 32. Rab1 Re7 33. Qb2 Bg7 34. Qd2 h5 35. Bb4 Re6 36. Bc5 Bxb5 37. axb5 h4 38. Bd4 Bxd4 39. Qxd4 hxg3 40. hxg3 Rd8 41. Rd1 Rh6 42. Ra1 b6 43. Qe5 Rh7 44. Qg5 Rdh8 45. Rxd5 Rh1+ 46. Kg2 R1h2+ 47. Kg1 Rh1+ 48. Kg2 R1h2+ 49. Kg1 1/2-1/2

[Event "Hereford"]
[Site "?"]
[Date "1987.??.??"]
[Round "3"]
[White "Hodge, D."]
[Black "Brameld, Arthur F"]
[Result "1/2-1/2"]
[WhiteElo "1820"]
[BlackElo "2140"]
[PlyCount "82"]
[EventDate "1987.??.??"]
[EventType "simul"]
[EventRounds "5"]

1. e4 Nf6 2. e5 Nd5 3. c4 Nb6 4. d4 d6 5. f4 g5 6. Nc3 gxf4 7. Bxf4 Bg7 8. Nf3 Bg4 9. Be2 Nc6 10. O-O dxe5 11. dxe5 O-O 12. Bd3 Bxf3 13. Rxf3 Qd4+ 14. Kh1 Rfd8 15. e6 fxe6 16. Bxc7 Ne5 17. Bxe5 Qxe5 18. Qc2 h6 19. Raf1 Rf8 20. Qe2 Rxf3 21. Rxf3 Rd8 22. Qxe5 Bxe5 23. Kg1 Rc8 24. Bg6 Kg7 25. Bf7 Rc6 26. Be8 Rc7 27. Bf7 Nxc4 28. Bxe6 Bd4+ 29. Kh1 Nxb2 30. Ne2 Rc2 31. Ng3 Rc1+ 32. Rf1 Rxf1+ 33. Nxf1 Kf6 34. Bb3 Nd3 35. g3 b5 36. Kg2 a5 37. Kf3 e5 38. Nd2 Nc5 39. Ne4+ Nxe4 40. Kxe4 a4 41. Bd5 Bg1 1/2-1/2

[Event "Hereford"]
[Site "?"]
[Date "1987.??.??"]
[Round "4"]
[White "Brameld, Arthur F"]
[Black "Bryan, D."]
[Result "1/2-1/2"]
[WhiteElo "2140"]
[BlackElo "1805"]
[PlyCount "39"]
[EventDate "1987.??.??"]
[EventType "simul"]
[EventRounds "5"]

1. e4 c5 2. Nf3 d6 3. d4 cxd4 4. Qxd4 Nc6 5. Bb5 Bd7 6. Bxc6 Bxc6 7. Nc3 Nf6 8. Bg5 Qa5 9. O-O-O h6 10. Bxf6 gxf6 11. Kb1 Rg8 12. g3 Bg7 13. Qd3 f5 14. Nd4 fxe4 15. Nxe4 Bxd4 16. Qxd4 f5 17. Nxd6+ exd6 18. Qf6 Bxh1 19. Qe6+ Kf8 20. Qf6+ 1/2-1/2

[Event "Hereford"]
[Site "?"]
[Date "1987.??.??"]
[Round "5"]
[White "Barlow, R."]
[Black "Brameld, Arthur F"]
[Result "0-1"]
[WhiteElo "1820"]
[BlackElo "2140"]
[PlyCount "47"]
[EventDate "1987.??.??"]
[EventType "simul"]
[EventRounds "5"]

1. e4 Nf6 2. e5 Nd5 3. d4 d6 4. c4 Nb6 5. f4 g5 6. exd6 Qxd6 7. c5 Qe6+ 8. Qe2 Nd5 9. Qxe6 Bxe6 10. fxg5 Bg7 11. Nf3 Nc6 12. Bb5 Ndb4 13. Na3 O-O-O 14. Be3 Nxd4 15. Nxd4 Bxd4 16. Bxd4 Rxd4 17. O-O Rg8 18. b3 Rxg5 19. Bc4 Bxc4 20. Nxc4 f6 21. Rae1 Nc6 22. Rd1 Rxd1 23. Rxd1 Rxc5 24. Ne3 0-1

[Event "RNCC"]
[Site "?"]
[Date "1988.??.??"]
[Round "1"]
[White "Eland, Dave"]
[Black "Brameld, Arthur F"]
[Result "0-1"]
[WhiteElo "2760"]
[BlackElo "2080"]
[PlyCount "46"]
[EventDate "1988.??.??"]
[EventType "simul"]
[EventRounds "6"]

1. e4 Nf6 2. Nc3 d5 3. exd5 Nxd5 4. Bc4 c6 5. Nf3 Bg4 6. d4 e6 7. a3 Nd7 8. O-O Be7 9. Qd3 Bf6 10. Ne4 N7b6 11. Nc5 Bxf3 12. gxf3 Qc7 13. f4 O-O-O 14. Bd2 Nxf4 15. Bxf4 Qxf4 16. Rae1 Rxd4 17. Bxe6+ fxe6 18. Nxe6 Qg4+ 19. Qg3 Qxg3+ 20. fxg3 Rd2 21. Rf2 Rxf2 22. Kxf2 Bxb2 23. Rb1 Bf6 0-1

[Event "RNCC"]
[Site "?"]
[Date "1988.??.??"]
[Round "2"]
[White "Brameld, Arthur F"]
[Black "Luffman, Robert C"]
[Result "1-0"]
[WhiteElo "2080"]
[BlackElo "1775"]
[PlyCount "57"]
[EventDate "1988.??.??"]
[EventType "simul"]
[EventRounds "6"]

1. d4 Nf6 2. c4 e6 3. Nc3 Bb4 4. e3 O-O 5. Nge2 c5 6. a3 cxd4 7. axb4 dxc3 8. Nxc3 Qb6 9. b5 Rd8 10. b4 Qc7 11. Bd3 b6 12. Ba3 Bb7 13. O-O d6 14. Qc2 Nbd7 15. f4 d5 16. c5 bxc5 17. bxc5 Bc8 18. Na4 e5 19. c6 Nb6 20. Nxb6 Qxb6 21. Bc5 Qc7 22. fxe5 Ng4 23. Bxh7+ Kh8 24. Bf5 Qxe5 25. Bxg4 Bxg4 26. Rxa7 Rxa7 27. Bxa7 f6 28. Bd4 Qc7 29. Rxf6 1-0

[Event "RNCC"]
[Site "?"]
[Date "1988.??.??"]
[Round "3"]
[White "Adams, J."]
[Black "Brameld, Arthur F"]
[Result "1/2-1/2"]
[WhiteElo "2680"]
[BlackElo "2080"]
[PlyCount "47"]
[EventDate "1988.??.??"]
[EventType "simul"]
[EventRounds "6"]

1. d4 f5 2. Nc3 Nf6 3. e3 e6 4. Bd3 Be7 5. e4 fxe4 6. Nxe4 O-O 7. Nf3 Nc6 8. Nxf6+ Bxf6 9. Be3 Qe7 10. c3 d5 11. Qc2 h6 12. O-O-O e5 13. dxe5 Nxe5 14. Nxe5 Qxe5 15. Rhe1 Bg5 16. g3 Bxe3+ 17. Rxe3 Qf6 18. Bg6 c6 19. f4 Bg4 20. Rde1 Rad8 21. Re7 Rd7 22. Re8 Rd8 23. R8e7 Rd7 24. Re8 1/2-1/2

[Event "RNCC"]
[Site "?"]
[Date "1988.??.??"]
[Round "4"]
[White "Brameld, Arthur F"]
[Black "Hardie, David"]
[Result "1-0"]
[WhiteElo "2080"]
[BlackElo "1790"]
[PlyCount "61"]
[EventDate "1988.??.??"]
[EventType "simul"]
[EventRounds "6"]

1. e4 c5 2. Nf3 d6 3. d4 cxd4 4. Qxd4 a6 5. c4 Nc6 6. Qd2 g6 7. b3 Bh6 8. Qc3 Qa5 9. Qxa5 Nxa5 10. Bb2 Nf6 11. Nc3 O-O 12. Nd5 Nxd5 13. exd5 e5 14. b4 e4 15. Nd4 Re8 16. bxa5 f5 17. Be2 f4 18. f3 Bg7 19. O-O-O Bd7 20. fxe4 Rxe4 21. Bf3 Re3 22. Ne6 Bh6 23. Kb1 Rc8 24. Rc1 b6 25. axb6 Rb8 26. Bd4 a5 27. Rc2 Rd3 28. Rd1 Rxd4 29. Rxd4 Rxb6+ 30. Rb2 Rxb2+ 31. Kxb2 1-0